Fragen aus der Wissenschaft - Buchstabe Q - Statistiken

Allgemein
  • Dieses Quiz wurde 116 mal gespielt
  • Das Durchschnittsergebnis liegt bei 10 aus 20
Antwortstatistiken
Hinweis Antwort % Korrekt
Ursprung eines Flusses oder einer Information Quelle
99%
Einziges bei Raumtemperatur flüssige Metall Quecksilber
97%
Isolierung infektionsverdächtiger Personen oder Tiere Quarantäne
90%
Dreidimensionaler geometrischer Körper Quader
83%
Ergebnis einer Division Quotient
82%
Subatomares Elementarteilchen - alternativ: Milchprodukt Quark
78%
Zweithäufigstes Mineral in der Erdkruste, SiO2 Quarz
74%
Kleinste Einheit von Energie in der Physik, z. B. Photon Quant
69%
1, 4, 9, 16, 25, 36, 49, 64, 81, 100, ... Quadratzahl
53%
Grundnahrungsmittel der Anden-Bergvölker, Pseudogetreide Quinoa
53%
Lebensenergie in der chinesischen Philosophie oder Medizin Qi
52%
1024 = 1.000.000.000.000.000.000.000.000 Quadrillion
48%
Ursprünglicher Programmtext einer Software Quellcode
39%
Knochenfisch, "lebendes Fossil" Quastenflosser
29%
Das Wesentliche - in der Antike: das 5. Element Quintessenz
20%
Extrem heller und entfernter Kern einer aktiven Galaxie Quasar
18%
Astronomisches Gerät zur Positionsbestimmung von Gestirnen Quadrant
17%
Seit 1883 ausgestorbene Unterart des Steppenzebra Quagga
11%
Einmalig durchgeführte empirische Untersuchung Querschnittstudie
6%
Deutscher Historiker und Publizist - Friedensnobelpreis Ludwig Quidde
4%
Keine übereinstimmenden Quizze gefunden
Verteilung der Resultate
Anzahl Personen mit jedem Resultat
Perzentil nach korrekt beantworteten Fragen
Ihre Resultats-Entwicklung
Sie haben dieses Quiz noch nicht gespielt